Symbióza tvrdej disciplíny a sklenenej krehkosti

Riaditeľ spoločnosti Xandra Slovakia Milan Hučko a obchodný riaditeľ Pavol Stručka o rozširovaní aktivít známej spoločnosti na výrobu brúseného skla.

Gespeichert in:
Bibliographische Detailangaben
1. Verfasser: Hučko, M.
Weitere Verfasser: Stručka, P., Bujačková, E.
Format: Buchkapitel
Sprache:Slowakisch
Schlagworte:
Tags: Tag hinzufügen
Keine Tags, Fügen Sie das erste Tag hinzu!

MARC

LEADER 00000naa a2200000 4500
001 r023018
005 20230801104536.6
041 0 |a slo 
044 |a SK 
245 1 0 |a Symbióza tvrdej disciplíny a sklenenej krehkosti  |c M. Hučko, P. Stručka, E. Bujačková 
520 |a Riaditeľ spoločnosti Xandra Slovakia Milan Hučko a obchodný riaditeľ Pavol Stručka o rozširovaní aktivít známej spoločnosti na výrobu brúseného skla. 
610 2 0 |a Slovensko 
610 2 0 |a 1991-1996 
610 2 0 |a priemysel sklársky 
610 2 0 |a sklo 
610 2 0 |a Xandra Slovakia, s.r.o. Bratislava 
100 1 |a Hučko, M. 
700 1 |a Stručka, P. 
700 1 |a Bujačková, E.